| 000 | 02861cam a2200469Ii 4500 | ||
|---|---|---|---|
| 001 | DIGDOCUN0015 | ||
| 003 | NyNyDIG | ||
| 008 | 141201s2012 sp ob 000 0 spa d | ||
| 006 | m o d | ||
| 007 | cr ||||||||||| | ||
| 035 | _a(OCoLC)991925119 | ||
| 040 |
_aDGITA _beng _erda _epn _cDIGITA |
||
| 020 |
_a9788499840727 _q(eBook) |
||
| 020 |
_a8499840728 _q(eBook) |
||
| 020 | _z9788499841366 | ||
| 020 | _z8499841368 | ||
| 043 | _as-ck--- | ||
| 050 | 1 | 4 | _aF2281.A79 eBook |
| 245 | 0 | 0 |
_aMulticulturalismo y reconocimiento étnico : _bdebates actuales en el Caribe colombiano. Bases conceptuales y memorias del ciclo de debates sobre multiculturalismo, reivindicaciones identitarias y reconocimiento étnico en el Caribe colombiano 20 años después de la Constitución política de 1991. Cartagena de Indias, octubre de 2011 / _cEloisa Berman (coord.). |
| 264 | 1 |
_aGirona : _bDocumenta Universitaria : _bCátedra UNESCO de Políticas Culturales y Cooperación de la Universitat de Girona ; _aCartagena de Indias, Colombia : Laboratorio Iberoamericano de Investigación e Innovación en Cultura y Desarrollo L+iD : _bUniversidad Tecnológica de Bolívar, _c2012. |
|
| 300 |
_a1 online resource : _billustrations. |
||
| 336 |
_atext _btxt _2rdacontent |
||
| 337 |
_acomputer _bc _2rdamedia |
||
| 338 |
_aonline resource _bcr _2rdacarrier |
||
| 504 | _aIncludes bibliographical references. | ||
| 505 | 0 | _aMulticulturalismo / Eloísa Berman -- Interculturalidad y diversidad cultural / Gemma Carbó -- Enfoque diferencial / Carmen Cásseres Henry -- Acciones afirmativas / Eloisa Berman -- Identidades e identificación étnica y cultural / Eloísa Berman -- Raza y etnicidad / Eloisa Berman -- Lista de Referencias -- Panorama étnico del Caribe Colombiano -- Ciclo de Debates sobre Multiculturalismo: Reivindicaciones identitarias y reconocimiento étnico en el Caribe Colombiano 20 años después de la Constitución Política de 1991. | |
| 588 | 0 | _aOnline resource; title from ePub and PDF title page (Digitalia, viewed October 6, 2014) | |
| 650 | 0 |
_aMulticulturalism _zColombia _zAtlantic Coast Region. |
|
| 650 | 0 |
_aCultural pluralism _zColombia _zAtlantic Coast Region. |
|
| 650 | 0 | _aCultural pluralism. | |
| 650 | 0 | _aMulticulturalism. | |
| 650 | 0 | _aRace relations. | |
| 651 | 0 |
_aAtlantic Coast (Colombia) _xRace relations. |
|
| 655 | 0 | _aElectronic books. | |
| 700 | 1 |
_aBerman, Eloisa, _eeditor. |
|
| 791 | 2 |
_aDigitalia (Firm), _edistributor. |
|
| 793 | 0 |
_gDigitalia eBook Collection: _aDocumenta Universitaria |
|
| 776 | 0 | 8 |
_iPrint version: _tMulticulturalismo y reconocimiento étnico, debates actuales en el Caribe colombiano. _dGirona : Documenta Universitaria, 2012 _z9788499841366. |
| 856 | 4 | 0 |
_3Digitalia Hispánica _uhttps://www.digitaliapublishing.com/a/21070/ |
| 910 | _aPremium Collection: 2014 | ||
| 942 | _cRAA | ||
| 999 |
_c237301 _d237301 |
||